The book of Genesis / (Record no. 30751)
[ view plain ]
| 000 -LEADER | |
|---|---|
| fixed length control field | 00608nam a2200169Ia 4500 |
| 008 - FIXED-LENGTH DATA ELEMENTS--GENERAL INFORMATION | |
| fixed length control field | 081213s9999 xx 000 0 und d |
| 020 ## - INTERNATIONAL STANDARD BOOK NUMBER | |
| Terms of availability | 071620584X |
| 050 ## - LIBRARY OF CONGRESS CALL NUMBER | |
| Classification number | BS1235.3 |
| Item number | .A46 2004 |
| 100 ## - MAIN ENTRY--PERSONAL NAME | |
| Personal name | Amos, Clare |
| 245 ## - TITLE STATEMENT | |
| Title | The book of Genesis / |
| Statement of responsibility, etc | Clare Amos |
| 260 ## - PUBLICATION, DISTRIBUTION, ETC. (IMPRINT) | |
| Date of publication, distribution, etc | 2004 |
| Place of publication, distribution, etc | Werrington : |
| Name of publisher, distributor, etc | Epworth, |
| 300 ## - PHYSICAL DESCRIPTION | |
| Extent | xxv, 289 p. ; |
| Dimensions | 22 cm |
| 440 ## - SERIES STATEMENT/ADDED ENTRY--TITLE | |
| Title | Epworth commentaries |
| 650 ## - SUBJECT ADDED ENTRY--TOPICAL TERM | |
| Topical term or geographic name as entry element | Bible O.T. Genesis |
| Topical term following geographic name as entry element | Commentaries |
| 942 ## - ADDED ENTRY ELEMENTS (KOHA) | |
| Item type | Book |
| Source of classification or shelving scheme | Library of Congress Classification |
| Withdrawn status | Lost status | Source of classification or shelving scheme | Damaged status | Not for loan | Collection code | Home library | Current library | Shelving location | Date acquired | Total Checkouts | Total Renewals | Full call number | Barcode | Date last seen | Date last borrowed | Price effective from | Koha item type |
|---|---|---|---|---|---|---|---|---|---|---|---|---|---|---|---|---|---|
| Library of Congress Classification | Non-fiction | Bishop Okullu Memorial Library (Limuru Campus) | Bishop Okullu Memorial Library (Limuru Campus) | General Circulation | 15/09/2009 | 30 | 1 | BS1235.3 .A46 2004 | 010839 | 04/04/2025 | 24/03/2025 | 15/09/2009 | Book |